| 000 | 00885cab a2200253 4500 | ||
|---|---|---|---|
| 001 | WB3519-09 | ||
| 008 | 090401t1999 xxu||||| |||| 00| 0 eng d | ||
| 035 | _a(Sirsi) u93464 | ||
| 041 | _aeng | ||
| 245 | _aLife cycle assessment of PVC | ||
| 260 | _c1999 | ||
| 350 | _a0 | ||
| 490 |
_aDETR News Release _v(470) 13 May 1999 (2) |
||
| 520 | _aThe Environment Minister has announced research into the health risks and environmental impact of PVC and various alternative materials. The study will include a life cycle assessment, economic analysis and comparative risk assessment. | ||
| 650 | _aBUILT ENVIRONMENT-BUILDING MATERIALS | ||
| 650 | _aDETR | ||
| 650 | _aENVIRONMENTAL IMPACT ASSESSMENTS | ||
| 650 | _aLIFE CYCLE ASSESSMENT | ||
| 650 | _aPVC | ||
| 650 | _aRISK ASSESSMENT | ||
| 690 | _aBUILT ENVIRONMENT-BUILDING MATERIALS | ||
| 942 | _n0 | ||
| 948 | _c19/05/1999 | ||
| 999 |
_c59228 _d59228 |
||